000 00262nam a2200121Ia 4500
008 190216s9999||||xx |||||||||||||| ||und||
100 _aPadmavathi. V
245 0 _aAriyappadathavar
260 _bPadmavathi
300 _a96
650 _aMalayalam
942 _cBK
999 _c28236
_d28236